<?xml version="1.0" encoding="UTF-8"?>
<record
    xmlns:xsi="http://www.w3.org/2001/XMLSchema-instance"
    xsi:schemaLocation="http://www.loc.gov/MARC21/slim http://www.loc.gov/standards/marcxml/schema/MARC21slim.xsd"
    xmlns="http://www.loc.gov/MARC21/slim">

  <leader>00517nam a2200169Ia 4500</leader>
  <controlfield tag="008">230718s9999    xx            000 0 und d</controlfield>
  <datafield tag="020" ind1=" " ind2=" ">
    <subfield code="a">9788184049923</subfield>
  </datafield>
  <datafield tag="041" ind1=" " ind2=" ">
    <subfield code="a">eng</subfield>
  </datafield>
  <datafield tag="082" ind1=" " ind2=" ">
    <subfield code="a">005.678</subfield>
    <subfield code="b">BAL</subfield>
  </datafield>
  <datafield tag="100" ind1=" " ind2=" ">
    <subfield code="a">Balani N.</subfield>
    <subfield code="9">173933</subfield>
  </datafield>
  <datafield tag="245" ind1=" " ind2=" ">
    <subfield code="a">Apache CXF Web Service Development:</subfield>
    <subfield code="b">Develop And Deploy SOAP And RESful Web Services</subfield>
  </datafield>
  <datafield tag="260" ind1=" " ind2=" ">
    <subfield code="c">2010</subfield>
    <subfield code="b">Packt Publishing</subfield>
  </datafield>
  <datafield tag="300" ind1=" " ind2=" ">
    <subfield code="a">319</subfield>
  </datafield>
  <datafield tag="365" ind1=" " ind2=" ">
    <subfield code="c">Rs.</subfield>
    <subfield code="b">350.00</subfield>
  </datafield>
  <datafield tag="700" ind1=" " ind2=" ">
    <subfield code="a">Balani N. &amp; Rajeev H.</subfield>
    <subfield code="9">191454</subfield>
  </datafield>
  <datafield tag="906" ind1=" " ind2=" ">
    <subfield code="d">O:0098031-Jul-2010B:459408-Jun-2010</subfield>
    <subfield code="c">IT</subfield>
    <subfield code="b">70</subfield>
  </datafield>
  <datafield tag="999" ind1=" " ind2=" ">
    <subfield code="c">325450</subfield>
    <subfield code="d">325450</subfield>
  </datafield>
  <datafield tag="952" ind1=" " ind2=" ">
    <subfield code="0">0</subfield>
    <subfield code="1">0</subfield>
    <subfield code="4">0</subfield>
    <subfield code="7">0</subfield>
    <subfield code="a">CCEP</subfield>
    <subfield code="b">CCEP</subfield>
    <subfield code="d">2010-07-31</subfield>
    <subfield code="e">Tbs</subfield>
    <subfield code="f">IT</subfield>
    <subfield code="g">280.00</subfield>
    <subfield code="i">4594</subfield>
    <subfield code="l">0</subfield>
    <subfield code="o">005.678</subfield>
    <subfield code="p">CCEP-BK-36657</subfield>
    <subfield code="r">2023-07-18 00:00:00</subfield>
    <subfield code="t">70</subfield>
    <subfield code="v">350.00</subfield>
    <subfield code="w">2010-06-08</subfield>
    <subfield code="y">BK</subfield>
    <subfield code="z">036657</subfield>
  </datafield>
</record>
